01004nam a2200253 a 450000100100000000500170001000800410002702000150006804000250008304100130010808200150012110000390013624000230017524501320019826000340033030000210036449000200038550000770040550000730048270000370055583000280059295201130062099900170073300004393220201002045042.0140509s1996 sp 000 p spa d a8433905295 aDO-SdBNPbspacBNPHU17aspaheng axxxxbxxxx1 aHeaney, Seamus,d1939-2013.97186210aAssaigslEspañol10aDe la emoción a las palabras :bensayos literarios /cSeamus Heaney ; traducción y edición a cargo de Francesc Parcerisa. aBarcelona :bAnagrama,c1996. a307 p. ;c20 cm.1 aArgumentosv179 aIncluye datos biográficos del autor en la solapa de la contracubierta. aIncluye referencias bibliográficas y notas al pie de las páginas12aParcerisas, Francescetr.971863 0aArgumentos ;v17998962 001050718MOaGRbGRcCTd2014-05-09iLF1l0oxxxx xxxxp43932-10r2020-06-25w2020-06-25y1ZNo se presta c43421d43421